Michigan's Adventure Rollercoasters - Statistics

General Stats
  • This quiz has been taken 14 times
  • The average score is 6 of 7
Answer Stats
Hint Answer % Correct
1999 Mad Mouse
100%
1998 Shivering Timbers
100%
2007 Thunderhawk
100%
1988 Wolverine Wildcat
83%
1979 Corkscrew
67%
1999 Woodstock Express
67%
1994 Zach's Zoomer
50%
No matching quizzes found
Score Distribution
Percent of People with Each Score
Percentile by Number Answered
Your Score History
You have not taken this quiz